000 00984nam a22002297a 4500
999 _c12718
_d12718
003 AR-CdUCM
008 190410b ||||| |||| 00| 0 spa d
040 _aMUNICIPALIDAD PROVINCIAL DEL CUSCO
_cBIBLIOTECA MUNICIPAL DEL CUSCO
082 _a371 /
_bS28
100 _aSciacca, Michele Federico
_919322
245 _aEl problema de la educación en la historia del pensamiento occidental /
260 _aBarcelona :
_bEdit. L. Miracle,
_c1957.
300 _a533 paginas ;
_c22 cm.
505 _aContenido : La esencia educativa de la inútil filosofía -- Responsabilidad de filosofar -- Que es la filosofía -- Las enseñanzas de la filosofía -- Estudio de la filosofía y lectura de los clásicos filosóficos...
650 _aEducacion
_9460
650 _aPedagogía y educación
_99198
650 _aEra cristiana
_924849
650 _aRenacimiento
_95449
700 _aRuiz Cuevas, Juan José (Traductor)
_930727
942 _2ddc
_cLIBROS
945 _awnts
_d2019-04-010